It's different for girls

Bibliographic Details
Main Author: Brand, Jo
Format: Book
Published: London : Review , 2005
Subjects:

MARC

LEADER 00000cam a2200000 7i4500
001 0000010466
005 20160330.0
008 071024
020 |a 0755322304 
090 0 0 |a BRA   |b ENG (7304) 
100 1 |a Brand, Jo 
245 1 0 |a It's different for girls   |c Jo Brand 
260 |a London :   |b Review ,   |c 2005 
521 0 0 |a Teenager ages 13-18 years old (blue) 
650 0 |a English fiction 
650 0 |a Novel 
999 |a 0000996729   |b Book   |c Teenagers   |e Perbadanan Perpustakaan Awam Johor 
999 |a 0000996730   |b Book   |c Teenagers   |e Perbadanan Perpustakaan Awam Johor 
999 |a 0000997820   |b Book   |c Teenagers   |e Perbadanan Perpustakaan Awam Johor